LEADER 01525nam0-2200493---450- 001 990001554080203316 005 20100413113710.0 035 $a000155408 035 $aUSA01000155408 035 $a(ALEPH)000155408USA01 035 $a000155408 100 $a20040402d1978----km-y0itay0103----ba 101 0 $aita 102 $aIT 105 $a||||||||001yy 200 1 $aArtigianato e lavoro a domicilio in Campania$fLuigi Esposito, Pasquale Persico 210 $aMilano$cAngeli$d1978 215 $a146 p.$d22 cm 225 2 $aStudi economici$v5 410 0$12001$aStudi economici$v5 454 1$12001 461 1$1001-------$12001 606 0 $aArtigianato$yCampania 606 0 $aLavoro a domicilio$yCampania 676 $a338.642 700 1$aESPOSITO,$bLuigi$0119025 701 1$aPERSICO,$bPasquale$09362 801 0$aIT$bsalbc$gISBD 912 $a990001554080203316 951 $aII.5. 1133(I C coll.60/5)$b84358 L.M.$cI C coll. 951 $aIII L ESP 1$b8316 DBC$cIII L 959 $aBK 969 $aUMA 969 $aDBC 979 $aSIAV3$b10$c20040402$lUSA01$h1130 979 $aSIAV1$b10$c20040406$lUSA01$h1751 979 $aDIRCE$b10$c20040507$lUSA01$h1639 979 $aDIRCE$b10$c20040507$lUSA01$h1640 979 $aDIRCE$b10$c20040507$lUSA01$h1640 979 $aCOPAT2$b90$c20050304$lUSA01$h1002 979 $aDBC$b90$c20100304$lUSA01$h1053 979 $aDBC$b90$c20100413$lUSA01$h1137 996 $aArtigianato e lavoro a domicilio in Campania$934908 997 $aUNISA LEADER 01163nam a22003011i 4500 001 991001089889707536 005 20021118124537.0 008 021118s1991 it |||||||||||||||||ita 020 $a8831754246 035 $ab12098437-39ule_inst 035 $aARCHE-018823$9ExL 040 $aDip.to Filologia Ling. e Lett.$bita$cA.t.i. Arché s.c.r.l. Pandora Sicilia s.r.l. 082 04$a782.1094 100 1 $aStrohm, Reinhard$0169291 245 12$aL'opera italiana nel Settecento /$cReinhard Strohm ; traduzione dal tedesco di Leonardo Cavari e Lorenzo Bianconi 260 $aVenezia :$bMarsilio,$c1991 300 $a412 p. ;$c22 cm 490 0 $aSaggi [Marsilio].$pMusica critica 650 4$aOpere in musica$ySec. 17.-18 700 1 $aBianconi, Lorenzo 700 1 $aCavari, Leonardo 765 0 $titalienische Oper im 18. Jahrhundert 907 $a.b12098437$b28-04-17$c01-04-03 912 $a991001089889707536 945 $aLE008 FL.M. VII A 109$g1$iLE008N-7304$lle008$o-$pE0.00$q-$rl$s- $t0$u0$v0$w0$x0$y.i12400312$z01-04-03 996 $aOpera italiana nel Settecento$9139768 997 $aUNISALENTO 998 $ale008$b01-04-03$cm$da $e-$fita$git $h2$i1